Sendero Luminoso: los hondos y mortales encuentros

Guardado en:
Bibliografiske detaljer
Hovedforfatter: Degregori, Carlos Iván
Format: Texto
Udgivet: s.l: s.e.
Tags: Tilføj Tag
Ingen Tags, Vær først til at tagge denne postø!

MARC

LEADER 00000 a a2200000 04500
001 25111
003
040
090 |a 181900  
100 |a Degregori, Carlos Iván  
245 |a Sendero Luminoso: los hondos y mortales encuentros  
260 |a s.l:   |b s.e.  
300 |a 40 p  
999 |c 15769  |d 15769